000 00542nam a2200169Ia 4500
003 OSt
005 20230608163612.0
008 210423s2003 xx 000 0 und d
040 _cAL
082 _a658 BHAT
_223
100 _aBHARGAVA (Shivaganesh).
_9122954
245 _aTransformational leadership: value based management for indian organization.
260 _aNew Delhi
_bResponse Books
_c2003
365 _b340
_cINR
906 _abased ; indian ; leadership: ; management ; organization. ; Transformational ; value
942 _2ddc
_cBK
999 _c174119
_d174119